| 000 -LEADER |
| fixed length control field |
02911cam a2200361 a 4500 |
| 001 - CONTROL NUMBER |
| control field |
16311594 |
| 003 - CONTROL NUMBER IDENTIFIER |
| control field |
NUST |
| 005 - DATE AND TIME OF LATEST TRANSACTION |
| control field |
20171206112439.0 |
| 008 - FIXED-LENGTH DATA ELEMENTS--GENERAL INFORMATION |
| fixed length control field |
100628s2011 flua b 001 0 eng |
| 010 ## - LIBRARY OF CONGRESS CONTROL NUMBER |
| LC control number |
2010026463 |
| 020 ## - INTERNATIONAL STANDARD BOOK NUMBER |
| International Standard Book Number |
9781439813928 (hardcover : alk. paper) |
| 020 ## - INTERNATIONAL STANDARD BOOK NUMBER |
| International Standard Book Number |
1439813922 (hardcover : alk. paper) |
| 035 ## - SYSTEM CONTROL NUMBER |
| System control number |
(DNAL)1065690 |
| 040 ## - CATALOGING SOURCE |
| Original cataloging agency |
DNAL/DLC |
| Transcribing agency |
DLC |
| Modifying agency |
DLC |
| 042 ## - AUTHENTICATION CODE |
| Authentication code |
pcc |
| 050 00 - LIBRARY OF CONGRESS CALL NUMBER |
| Classification number |
S592.5 |
| Item number |
.T36 2011 |
| 070 0# - NATIONAL AGRICULTURAL LIBRARY CALL NUMBER |
| Classification number |
S592.5 |
| Item number |
.T36 2010 |
| 082 00 - DEWEY DECIMAL CLASSIFICATION NUMBER |
| Classification number |
631.41 TAN |
| Edition number |
22 |
| 100 1# - MAIN ENTRY--PERSONAL NAME |
| Personal name |
Tan, Kim H. |
| Fuller form of name |
(Kim Howard), |
| Dates associated with a name |
1926- |
| 9 (RLIN) |
6991 |
| 245 10 - TITLE STATEMENT |
| Title |
Principles of soil chemistry / |
| Statement of responsibility, etc. |
Kim H. Tan. |
| 250 ## - EDITION STATEMENT |
| Edition statement |
4th ed. |
| 260 ## - PUBLICATION, DISTRIBUTION, ETC. |
| Place of publication, distribution, etc. |
Boca Raton, Fla. : |
| Name of publisher, distributor, etc. |
CRC Press, |
| Date of publication, distribution, etc. |
c2011. |
| 300 ## - PHYSICAL DESCRIPTION |
| Extent |
xxvii, 362 p. : |
| Other physical details |
ill. ; |
| Dimensions |
27 cm. |
| 490 1# - SERIES STATEMENT |
| Series statement |
Books in soils, plants, and the environment |
| 500 ## - GENERAL NOTE |
| General note |
First ed. published 1982. |
| 501 ## - WITH NOTE |
| With note |
H.B |
| 504 ## - BIBLIOGRAPHY, ETC. NOTE |
| Bibliography, etc. note |
Includes bibliographical references (p. 323-342) and index. |
| 505 0# - FORMATTED CONTENTS NOTE |
| Formatted contents note |
Definitions and concepts of soil chemistry -- Overview of basic chemical principles and units -- Soil composition and electrochemical potentials -- Soil gas and liquid phases -- Colloidal chemistry of organic soil constituents -- The colloidal chemistry of inorganic soil constituents -- Adsorption in soils -- Cation exchange -- Anion exchange -- Soil reaction -- Soil chemistry and soil formation -- Chemistry of soil-organic matter interactions. |
| 520 ## - SUMMARY, ETC. |
| Summary, etc. |
"Learn the secrets of soil chemistry and its role in agriculture and the environment. Examine the fundamental laws of soil chemistry, how they affect dissolution, cation and anion exchange, and other reactions. Explore how water can form water-bridges and hydrogen bonding, the most common forces in adsorption, chelation, and more. Discover how electrical charges develop in soils creating electrochemical potentials forcing ions to move into the plant body through barriers such as root membranes, nourishing crops and plants. You can do all this and more with Principles of Soil Chemistry, Fourth Edition. Since the first edition published in 1982, this resource has made a name for itself as a textbook for upper level undergraduates and as a handy reference for professionals and scientists. This fourth edition reexamines the entire reach of soil chemistry while maintaining the clear, concise style that made previous editions so user-friendly. By completely revising, updating, and incorporating a decade's worth of new information, author Kim Tan has made this edition as an entirely new and better book."--Publisher's description. |
| 650 #0 - SUBJECT ADDED ENTRY--TOPICAL TERM |
| Topical term or geographic name entry element |
Soil chemistry. |
| 9 (RLIN) |
6518 |
| 830 #0 - SERIES ADDED ENTRY--UNIFORM TITLE |
| Uniform title |
Books in soils, plants, and the environment. |
| 9 (RLIN) |
6992 |
| 906 ## - LOCAL DATA ELEMENT F, LDF (RLIN) |
| a |
7 |
| b |
cbc |
| c |
orignew |
| d |
1 |
| e |
ecip |
| f |
20 |
| g |
y-gencatlg |
| 942 ## - ADDED ENTRY ELEMENTS (KOHA) |
| Source of classification or shelving scheme |
|
| Koha item type |
Book |
| Call number prefix |
IESE |